Normal view
MARC view
- Yunesuko Higashi Ajia Bunka Kenkyū Sentā (Tokyo, Japan)
Entry Corporate Name
001 - CONTROL NUMBER
- control field: 21005
003 - CONTROL NUMBER IDENTIFIER
- control field: NUST
005 - DATE AND TIME OF LATEST TRANSACTION
- control field: 20190920105222.0
008 - FIXED-LENGTH DATA ELEMENTS
- fixed length control field: 190920|| aca||aabn | a|a d
040 ## - CATALOGING SOURCE
- Original cataloging agency: NUST
- Transcribing agency: NUST
110 ## - HEADING--CORPORATE NAME
- Corporate name or jurisdiction name as entry element: Yunesuko Higashi Ajia Bunka Kenkyū Sentā (Tokyo, Japan)
670 ## - SOURCE DATA FOUND
- Source citation: Work cat.: (NUST)0: Dani, Ahmad Hasan. 3723, The historic city of Taxila /, 1986.
